000
00245nam a2200097Ia 4500
008
220204s9999 xx 000 0 und d
082
_a
912(084.3)(548.3)
_b
STR
245
0
_a
Streamlines maps of Kerala
260
_a
Cochin
_b
Streamlines
942
_c
BK
999
_c
37684
_d
37684